Luật tố tụng hình sự : Sách hướng dẫn học tập
Giới thiệu một số kiến thức tổng quan về tố tụng hình sự và quá trình tố tụng.
Na minha lista:
| Autor principal: | |
|---|---|
| Formato: | Livro |
| Idioma: | Undetermined |
| Publicado em: |
Cần Thơ
Nxb. Đại học Cần Thơ
2013
|
| Assuntos: | |
| Tags: |
Adicionar Tag
Sem tags, seja o primeiro a adicionar uma tag!
|
| Thư viện lưu trữ: | Trung tâm Học liệu Trường Đại học Cần Thơ |
|---|
| LEADER | 00769nam a2200205Ia 4500 | ||
|---|---|---|---|
| 001 | CTU_229786 | ||
| 008 | 210402s9999 xx 000 0 und d | ||
| 082 | |a 345.597 | ||
| 082 | |b Ch125 | ||
| 100 | |a Mạc, Giáng Châu | ||
| 245 | 0 | |a Luật tố tụng hình sự : | |
| 245 | 0 | |b Sách hướng dẫn học tập | |
| 245 | 0 | |c Mạc Giáng Châu (Biên soạn) | |
| 260 | |a Cần Thơ | ||
| 260 | |b Nxb. Đại học Cần Thơ | ||
| 260 | |c 2013 | ||
| 520 | |a Giới thiệu một số kiến thức tổng quan về tố tụng hình sự và quá trình tố tụng. | ||
| 650 | |a Tố tụng hình sự,Criminal procedure | ||
| 910 | |b nthai | ||
| 980 | |a Trung tâm Học liệu Trường Đại học Cần Thơ | ||